El edén subvertido : la colonización de Topolobampo, 1886-1896 /

Guardat en:
Dades bibliogràfiques
Autor principal: Ortega Noriega, Sergio (autor)
Format: Llibre
Idioma:espanyol
Publicat: México : Siglo XXI, 2003, c2003
Col·lecció:(Los Once Ríos)
Matèries:
Etiquetes: Afegir etiqueta
Sense etiquetes, Sigues el primer a etiquetar aquest registre!

MARC

LEADER 00000nam^a2200000^a^4500
001 000164270
005 20250521000000.0
009 20260310100936.331
020 |a 968-23-2472-6 
037 |a Acervo ITESO - Biblioteca 
041 |a ESP 
082 |a 972. 32052  |b ORT 
100 |a Ortega Noriega, Sergio  |e (autor) 
245 1 3 |a El edén subvertido :  |b la colonización de Topolobampo, 1886-1896 /  |c S. Ortega Noriega. 
264 4 |a México :  |b Siglo XXI,  |c 2003, c2003 
300 |a 232 p. 
336 |a texto  |b txt  |2 rdacontenido 
337 |a sin mediación  |b n  |2 rdamedio 
338 |a volumen  |b nc  |2 rdasoporte 
440 5 |a (Los Once Ríos) 
649 |a XX 
650 |a Empresarios Norteamericanos 
650 |a Migrantes Norteamericanos -  |z Sinaloa -  |x Historia -  |y Porfirismo, 1876-1911 
650 |a Migrantes Norteamericanos -  |z México -  |x Historia -  |y Porfirismo, 1876-1911 
650 |a Migrantes Norteamericanos -  |z México -  |x Condiciones Sociales y Culturales 
650 |a Migrantes Norteamericanos -  |z México -  |x Condiciones Económicas 
650 |a Migrantes Norteamericanos -  |z México -  |x Condiciones Jurídicas 
650 |a Inmigración -  |z Sinaloa -  |x Historia -  |y Porfirismo, 1876-1911 
650 |a Inmigración -  |z Sinaloa -  |x Historia -  |y Porfirismo, 1876-1911 
650 |a Agricultura -  |z Sinaloa -  |x Historia -  |y Porfirismo, 1876-1911 
650 |a Agricultura -  |z México -  |x Historia -  |y Porfirismo, 1876-1911 
650 |a Ferrocarriles -  |z Sinaloa -  |x Historia -  |y Porfirismo, 1876-1911 
650 |a Ferrocarriles -  |z México -  |x Historia -  |y Porfirismo, 1876-1911 
650 |a Empleo y Desempleo -  |z Sinaloa -  |x Historia -  |y Porfirismo, 1876-1911 
650 |a Empleo y Desempleo -  |z México -  |x Historia -  |y Porfirismo, 1876-1911 
650 |a Inversiones Extranjeras -  |z Sinaloa -  |x Historia -  |y Porfirismo, 1876-1911 
650 |a Inversiones Extranjeras -  |z México -  |x Historia -  |y Porfirismo, 1876-1911 
650 |a Desarrollo Económico-Social -  |z Sinaloa -  |x Historia -  |y Porfirismo, 1876-1911 
650 |a Desarrollo Económico-Social -  |z México -  |x Historia -  |y Porfirismo, 1876-1911 
650 |a Ideología 
650 |a Percepción Social -  |z Sinaloa -  |x Historia -  |y Porfirismo, 1876-1911 
650 |a Percepción Social -  |z México -  |x Historia -  |y Porfirismo, 1876-1911 
650 |a Problemas Sociales -  |z Sinaloa -  |x Historia -  |y Porfirismo, 1876-1911 
650 |a Problemas Sociales -  |z México -  |x Historia -  |y Porfirismo, 1876-1911 
650 |a Topolobampo, Sinaloa -  |x Historia -  |y Porfirismo, 1876-1911 
650 |a México -  |x Historia -  |y Porfirismo, 1876-1911 
650 |a Topolobampo, Sinaloa -  |x Condiciones Sociales y Culturales 
650 |a Topolobampo, Sinaloa -  |x Condiciones Económicas 
650 |a Toplobampo, Sinaloa -  |x Condiciones Políticas 
650 |a México -  |x Condiciones Sociales y Culturales 
650 |a México -  |x Condiciones Económicas 
650 |a México -  |x Condiciones Políticas 
910 |a Fondo General 
920 |a Impresos - Libros 
930 |a Colección General 
905 |a 101 
901 |a 0500098658  |b IT1  |c ACC  |u 20250521 
902 |a https://opac.biblio.iteso.mx/vufind/Record/000164270